| 000 | 00699nam a2200193 i 4500 | ||
|---|---|---|---|
| 001 | 154412 | ||
| 003 | ES-MaACL | ||
| 005 | 20250604062546.0 | ||
| 008 | 961110s1888 sp a |||| | spa d | ||
| 100 | 1 |
_aGómez de Arteche, José. _957884 |
|
| 245 | 1 | 0 |
_aNieblas de la historia patria / _cpor José Gómez de Arteche. |
| 250 |
_a2ª ed. corr., aum. _by con ilustraciones de Joaquín Diéguez Díaz. |
||
| 260 |
_aBarcelona : _b[s.n.], _c1888 ( _fEst. tipográf. de Fidel Giró) |
||
| 300 |
_a439 p. : _bil. ; _c26 cm. |
||
| 651 | 7 |
_aEspaña- _xHistoria- _yS.XIX _2 _9142005 |
|
| 700 | 1 |
_aDiéguez, Joaquín ( _d1860-) _9165688 |
|
| 852 |
_aES-MaACL _jC-2309 _z- Enc. hol. |
||
| 999 |
_c154412 _d154412 |
||